Econometric methods (Record no. 39841)

MARC details
000 -LEADER
fixed length control field 00317nam a2200133Ia 4500
082 ## - DEWEY DECIMAL CLASSIFICATION NUMBER
Classification number 330.115:31
Item number JOH
100 ## - MAIN ENTRY--AUTHOR NAME
Personal name JOHNSTON, J
245 #0 - TITLE STATEMENT
Title Econometric methods
250 ## - EDITION STATEMENT
Edition statement Ed.3
260 ## - PUBLICATION, DISTRIBUTION, ETC. (IMPRINT)
Place of publication Auckland
Name of publisher McGraw Hill
Year of publication 1984
650 ## - SUBJECT ADDED ENTRY--TOPICAL TERM
Topical Term Econometrics
942 ## - ADDED ENTRY ELEMENTS (KOHA)
Koha item type Books
Holdings
Withdrawn status Lost status Damaged status Not for loan Home library Current library Date acquired Full call number Accession Number Koha item type
        RRII Library RRII Library 16/12/2021 330.115:31 JOH 20159 Books